BIBLIOTHÈQUE DE LA MAISON DU MEXIQUE

Logo 1 Logo 2

Li-Po y otros poemas (notice nᵒ 6702)

détails MARC
000 -Sello discográfico
campo de control de longitud fija 01110nam a2200325 4500
005 - Identificación de versión
campo de control 20251017062711.0
010 ## - Número Estándar Internacional de Libros (ISBN)
Número (ISBN) 970-35-0856-1
099 ## - fechas locales
Tipo de ítem Koha LIBRO
100 ## - Datos de procesamiento general
Datos de procesamiento general 20230801d2005 m y1spay5003 ba
105 ## - Campo de datos codificados: Material textual, monográfico
Datos codificados de monografía a 001zy
200 1# - Título y mención de responsabilidad
Título propio Li-Po y otros poemas
Designación general del material texto impreso
Primer mención de responsabilidad José Juan Tablada
Declaración de responsabilidad subsiguiente prólogo Rodolfo Mata
205 ## - Declaración de edición
Declaración de edición 1a ed
210 ## - Publicación, distribución, etc.
Lugar de publicación, distribución, etc. México
Nombre del editor, distribuidor, etc. Consejo Nacional para la Cultura y las Artes
Fecha de publicación, distribución, etc. 2005
215 ## - Descripción física
Designación de material específico y extensión del ítem 34 p
Otras características físicas il.
Dimensiones 17 cm
345 ## - Nota de información de adquisición
Fuente de adquisición/dirección de la suscripción [OBSOLETO] Donación
410 #1 - Series
Título Círculo de arte
600 ## - Nombre personal usado como materia
Elemento de entrada Aguilar Acuña Tablada y Osuna
Parte del nombre distinta del elemento de entrada José Juan de
Fechas 1871-1945
Subdivisión temática Crítica e interpretación
Número Koha 6656
606 ## - Término temático usado como materia
Elemento de entrada Ideogramas
Número Koha 12673
606 ## - Término temático usado como materia
Elemento de entrada Poesía mexicana
Subdivisión cronológica Siglo XX
Número Koha 10
660 ## - Código de área geográfica
Código MX
700 ## - Nombre personal - Responsabilidad primaria
Elemento de entrada Aguilar Acuña Tablada y Osuna
Parte del nombre distinta del elemento de entrada José Juan de
Fechas 1871-1945
Número Koha 4091
702 ## - Nombre personal - Responsabilidad secundaria
Elemento de entrada Mata Sandoval
Parte del nombre distinta del elemento de entrada Rodolfo
Fechas 1960-
Número Koha 12674
801 #0 - Fuente de origen
País FR
Agencia cm
Reglas de catalogación (convenciones descriptivas) AFNOR
900 ## -
-- 1/22262
900 ## -
-- 7100417642\080104
942 ## - ELEMENTOS DE ENTRADA SECUNDARIOS (KOHA)
Tipo de ítem Koha Livre
996 ## -
-- MEX
-- 751145101
-- MMAG
-- 008347
-- 704.9 C571 V.95
-- 20230801LIV
Exemplaires
Estatus retirado Estado de daño Estado de pérdida Fecha de adquisición Biblioteca de origen Biblioteca actual Ubicación en estantería Código de barras Precio de reemplazo Signatura topográfica completa No para préstamo Tipo de ítem Koha Nota pública Nota no pública
      05/08/2025 Casa México Paris Casa México Paris   008347 05/08/2025 704.9 C571 V.95   Livre 20230801LIV 751145101